|
|
|
|
| LEADER |
00000nam0a2200000 4500 |
| 001 |
47940 |
| 005 |
20231101211123.0 |
| 035 |
|
|
|a (RuTPU)RU\TPU\book\50130
|
| 090 |
|
|
|a 47940
|
| 100 |
|
|
|a 20030227d1971 k y0rusy50 ca
|
| 101 |
0 |
|
|a rus
|
| 102 |
|
|
|a RU
|
| 105 |
|
|
|a a z 001zy
|
| 200 |
1 |
|
|a Ориентированные графы и конечные автоматы
|f А. Н. Мелихов
|
| 210 |
|
|
|a Москва
|c Наука
|d 1971
|
| 215 |
|
|
|a 416 с.
|c ил.
|
| 320 |
|
|
|a Библиогр.: с. 381-413
|
| 320 |
|
|
|a Предм. указ.: с. 414-416
|
| 513 |
1 |
|
|a Теоретические основы технической кибернетики
|z rus
|
| 606 |
1 |
|
|a Автоматов теория
|x (автоматика)
|2 stltpush
|3 (RuTPU)RU\TPU\subj\65958
|9 82265
|
| 610 |
1 |
|
|a теория
|
| 610 |
1 |
|
|a ориентированные графы
|
| 610 |
1 |
|
|a конечные автоматы
|
| 610 |
1 |
|
|a свойства
|
| 610 |
1 |
|
|a абстрактные автоматы
|
| 675 |
|
|
|a 681.51.01
|v 3
|
| 700 |
|
1 |
|a Мелихов
|b А. Н.
|g Аскольд Николаевич
|
| 801 |
|
1 |
|a RU
|b 63413507
|c 20030227
|g PSBO
|
| 801 |
|
2 |
|a RU
|b 63413507
|c 20210215
|g PSBO
|
| 900 |
|
|
|a Теория автоматов
|
| 942 |
|
|
|c BK
|